Southville International School and Colleges
Your cart is empty.
  • Cart
  • Lists
    Public lists Eva Luna New books Lux_list list_1
    Your lists Log in to create your own lists
  • Log in to your account
  • Your cookies
  • Search history
Southville International School and Colleges
  • Advanced search
  • Recent comments
  • Most popular
  • Libraries

Log in to your account

Log in with GOOGLE


If you do not have an external account, but do have a local account, you can still log in:

  1. Home
  2. MARC view: Thumb love /
Normal view MARC view ISBD view

Thumb love / (Record no. 114898)

[ view plain ]
MARC details
000 -LEADER
fixed length control field 00553nam a2200181 a 4500
005 - DATE AND TIME OF LATEST TRANSACTION
control field 20140414132115.0
008 - FIXED-LENGTH DATA ELEMENTS--GENERAL INFORMATION
fixed length control field 111011s19uu xx 00 eng d
020 ## - INTERNATIONAL STANDARD BOOK NUMBER
International Standard Book Number 9780375844812
050 ## - LIBRARY OF CONGRESS CALL NUMBER
Classification number TR
Item number T42 2010
100 ## - MAIN ENTRY--PERSONAL NAME
Personal name Primavera, Elise
245 ## - TITLE STATEMENT
Title Thumb love /
Statement of responsibility, etc Elise Primavera.
250 ## - EDITION STATEMENT
Edition statement 1st ed.
260 ## - PUBLICATION, DISTRIBUTION, ETC. (IMPRINT)
Place of publication, distribution, etc New York :
Name of publisher, distributor, etc Robin Corey Books,
Date of publication, distribution, etc 2010.
520 ## - SUMMARY, ETC.
Summary, etc Unable to kick her thumb-sucking habit, Lulu develops a twelve-step program to help.
650 ## - SUBJECT ADDED ENTRY--TOPICAL TERM
Topical term or geographic name as entry element Thumb sucking
General subdivision Fiction.
650 ## - SUBJECT ADDED ENTRY--TOPICAL TERM
Topical term or geographic name as entry element Humorous stories.
Holdings
Withdrawn status Lost status Damaged status Use restrictions Home library Current library Shelving location Date acquired Source of acquisition Cost, normal purchase price Total Checkouts Full call number Barcode Date last seen Price effective from Koha item type
        Munich Library Munich Library Teachers Reference Section 10/11/2011   749.00   TR T42 2010 M6834 04/14/2014 04/14/2014 Books

Thumb love /

APA

Primavera E., . (2010). Thumb love. New York: Robin Corey Books.

Chicago

Primavera Elise, . 2010. Thumb love. New York: Robin Corey Books.

Harvard

Primavera E., . (2010). Thumb love. New York: Robin Corey Books.

MLA

Primavera Elise, . Thumb love. New York: Robin Corey Books. 2010.

  • Place hold
  • Print
  • Cite
  • Add to your cart (remove)
  • Save record
    BIBTEX Dublin Core MARCXML MARC (non-Unicode/MARC-8) MARC (Unicode/UTF-8) MARC (Unicode/UTF-8, Standard) MODS (XML) RIS
  • More searches
    Search for this title in:
    Other Libraries (WorldCat) Other Databases (Google Scholar) Online Stores (Bookfinder.com) Open Library (openlibrary.org)

Exporting to Dublin Core...

SOUTHVILLE LIBRARY

Southville International School and Colleges Library

1281 Tropical Ave. Cor. Luxembourg St., BF Homes International, Las Pinas City

Tel. No. 8256374 / 252358 Loc. 117/146

Powered by Koha